Sustainable refurbishment (Record no. 82338)

MARC details
000 -LEADER
fixed length control field 00689cam a22002055a 4500
001 - CONTROL NUMBER
control field L149934
008 - FIXED-LENGTH DATA ELEMENTS--GENERAL INFORMATION
fixed length control field 100518e2010 xxk 000 0 eng d
035 ## - SYSTEM CONTROL NUMBER
System control number (Sirsi) u149934
041 0# - LANGUAGE CODE
Language code of text/sound track or separate title eng
050 ## - LIBRARY OF CONGRESS CALL NUMBER
Classification number 332.72 $1 8
100 1# - MAIN ENTRY--PERSONAL NAME
Personal name Mansfield, John
245 00 - TITLE STATEMENT
Title Sustainable refurbishment
Remainder of title policy direction and support in the UK
260 ## - PUBLICATION, DISTRIBUTION, ETC.
Date of publication, distribution, etc. 2009
490 ## - SERIES STATEMENT
Series statement Structural Survey
Volume/sequential designation 27(2) 148-161(14)
520 ## - SUMMARY, ETC.
Summary, etc. Critically reviews international and UK policy for the development of international policy direction for sustainability in the built environment
590 ## - LOCAL NOTE (RLIN)
Local note KA
651 #4 - SUBJECT ADDED ENTRY--GEOGRAPHIC NAME
Geographic name United Kingdom
690 ## - LOCAL SUBJECT ADDED ENTRY--TOPICAL TERM (OCLC, RLIN)
Topical term or geographic name as entry element BUILT ENVIRONMENT-SUSTAINABLE CONSTRUCTION
942 ## - ADDED ENTRY ELEMENTS (KOHA)
Suppress in OPAC 0
Source of classification or shelving scheme Dewey Decimal Classification
Holdings
Withdrawn status Lost status Source of classification or shelving scheme Damaged status Not for loan Home library Current library Shelving location Date acquired Total Checkouts Full call number Barcode Date last seen Copy number Price effective from Koha item type
    Dewey Decimal Classification     London London Journal article 18/05/2010   L149934 149934-1001 06/08/2019 1 06/08/2019 Journal article